The gyroscope; (Record no. 98314)
[ view plain ]
| 000 -LEADER | |
|---|---|
| fixed length control field | 00795cam0a220022900 4500 |
| 001 - CONTROL NUMBER | |
| control field | lce00548345 |
| 008 - FIXED-LENGTH DATA ELEMENTS--GENERAL INFORMATION | |
| fixed length control field | 831121s1958 nyua 000 0 eng |
| 010 ## - LIBRARY OF CONGRESS CONTROL NUMBER | |
| LC control number | 57013012 /L/r852 |
| 035 ## - SYSTEM CONTROL NUMBER | |
| System control number | (Sirsi) r86305 |
| 035 ## - SYSTEM CONTROL NUMBER | |
| System control number | (DLC) 57013012 /L/r852 |
| 035 ## - SYSTEM CONTROL NUMBER | |
| System control number | (UPRA)lce00548345 |
| 040 ## - CATALOGING SOURCE | |
| Original cataloging agency | DLC/ICU |
| Transcribing agency | ICU |
| 050 0# - LIBRARY OF CONGRESS CALL NUMBER | |
| Classification number | QA862.G9 |
| Item number | S36 |
| 082 0# - DEWEY DECIMAL CLASSIFICATION NUMBER | |
| Classification number | 531.34 |
| -- | 531.2* |
| 100 1# - MAIN ENTRY--PERSONAL NAME | |
| Personal name | Scarborough, James B. (James Blaine), 1885- |
| Fuller form of name | Scarborough, James B. (James Blaine), 1885- |
| Dates associated with a name | Scarborough, James B. (James Blaine), 1885- |
| Linkage | A45672.1 |
| 245 14 - TITLE STATEMENT | |
| Title | The gyroscope; |
| Remainder of title | theory and applications. |
| 260 ## - PUBLICATION, DISTRIBUTION, ETC. | |
| Place of publication, distribution, etc. | New York, |
| Name of publisher, distributor, etc. | Interscience Publishers |
| Date of publication, distribution, etc. | [1958] |
| 504 ## - BIBLIOGRAPHY, ETC. NOTE | |
| Bibliography, etc. note | Bibliography: p. 245. |
| 650 #0 - SUBJECT ADDED ENTRY--TOPICAL TERM | |
| Topical term or geographic name entry element | Gyroscopes. |
| Linkage | S35458.1 |
| 949 ## - LOCAL PROCESSING INFORMATION (OCLC) | |
| a | QA862.G9 |
| w | lcc |
| i | -119961 |
| m | MAIN |
| t | BOOK |
| l | ON-SHELF |
No items available.